Central Library OPAC University of Rajshahi

Scientific policy in Sweden / (Record no. 66607)

MARC details
000 -LEADER
fixed length control field 00783nam a2200241 a 4500
001 - CONTROL NUMBER
control field 66607
003 - CONTROL NUMBER IDENTIFIER
rucl marc code BD-RjUL
005 - DATE AND TIME OF LATEST TRANSACTION
control field 20211209081547.0
008 - FIXED-LENGTH DATA ELEMENTS--GENERAL INFORMATION
fixed length control field 170318s1964 fr b i000 0 eng d
035 ## - SYSTEM CONTROL NUMBER
System control number (BD-RjUL)66737
040 ## - CATALOGING SOURCE
Original cataloging agency DLC/ICU
Transcribing agency ICU
Modifying agency DLC
-- (BD-RjUL)
Language of cataloging eng
041 ## - LANGUAGE CODE
Language code of text/sound track or separate title eng
082 ## - DEWEY DECIMAL CLASSIFICATION NUMBER
Edition number 23
Classification number 509.485
Author mark and year ORG 1964
110 2# - MAIN ENTRY--CORPORATE NAME
Corporate name or jurisdiction name as entry element Organisation for Economic Co-operation and Development.
9 (RLIN) 205458
245 10 - TITLE STATEMENT
Title Scientific policy in Sweden /
Statement of responsibility, etc. Organisation for Economic Co-operation and Development.
260 ## - PUBLICATION, DISTRIBUTION, ETC. (IMPRINT)
Place of publication, distribution, etc. Paris,
Date of publication, distribution, etc. 1964.
300 ## - PHYSICAL DESCRIPTION
Pagination 66 p. ;
Size 24 cm.
504 ## - BIBLIOGRAPHY, ETC. NOTE
Bibliography, etc Bibliographical footnotes.
650 #0 - SUBJECT ADDED ENTRY--TOPICAL TERM
Topical term or geographic name as entry element Science and state
9 (RLIN) 197179
651 ## - SUBJECT ADDED ENTRY--GEOGRAPHIC NAME
Geographic name Sweden
9 (RLIN) 138672
942 ## - ADDED ENTRY ELEMENTS (KOHA)
Source of classification or shelving scheme Dewey Decimal Classification
Koha item type Books
Holdings
Lost status Source of classification or shelving scheme Damaged status Not for loan Collection code Permanent Location Current Location Shelving location Date acquired Total Checkouts Full call number Date last seen Copy number Koha item type
  Dewey Decimal Classification   Not For Loan Non-fiction Central Library, University of Rajshahi Central Library, University of Rajshahi Reading Room 18/03/2017   509.485 ORG 1964 18/03/2017 C-1 Books